FIFA Men's World Ranking - Statistics

General Stats
  • This quiz has been taken 96 times
  • The average score is 23 of 25
Answer Stats
Rank Team Points Confederation % Correct
1 Argentina 1867,25 CONMEBOL
100%
5 Brazil 1775,85 CONMEBOL
100%
4 England 1813,81 UEFA
100%
2 France 1859,78 UEFA
100%
3 Spain 1853,27 UEFA
100%
12 Colombia 1694,44 CONMEBOL
99%
9 Italy 1731,51 UEFA
99%
6 Portugal 1756,12 UEFA
99%
10 Germany 1703,79 UEFA
98%
11 Uruguay 1695,91 CONMEBOL
98%
14 Morocco 1688,18 CAF
96%
7 Netherlands 1747,55 UEFA
95%
8 Belgium 1740,62 UEFA
94%
16 United States 1645,48 CONCACAF
94%
15 Japan 1652,79 AFC
93%
13 Croatia 1691,59 UEFA
91%
21 Denmark 1611,49 UEFA
88%
19 Mexico 1627,40 CONCACAF
88%
23 South Korea 1585,45 AFC
88%
17 Senegal 1637,25 CAF
87%
22 Austria 1589,84 UEFA
84%
24 Ecuador 1560,13 CONMEBOL
84%
20 Switzerland 1625,16 UEFA
84%
18 Iran 1635,31 AFC
76%
25 Ukraine 1554,94 UEFA
73%
No matching quizzes found
Score Distribution
Percent of People with Each Score
Percentile by Number Answered
Your Score History
You have not taken this quiz